| 000 | 02827nam a2200973 i 4500 | ||
|---|---|---|---|
| 001 | nkc20243606711 | ||
| 003 | CZ PrSKC | ||
| 005 | 20260424142730.0 | ||
| 007 | ta | ||
| 008 | 240520s2024 xr ac e 000 0 cze | ||
| 015 | _acnb003606711 | ||
| 020 |
_a9788072279029 _q(brožováno) |
||
| 035 | _a(OCoLC)1445418963 | ||
| 040 |
_aOLA001 _bcze _erda |
||
| 045 | _ax-y- | ||
| 072 | 7 |
_a502 _xŽivotní prostředí a jeho ochrana _2Konspekt |
|
| 080 |
_a001-051 _2MRF |
||
| 080 |
_a101-051 _2MRF |
||
| 080 |
_a001-055.2 _2MRF |
||
| 080 |
_a"628.64" _2MRF |
||
| 080 |
_a502.1 _2MRF |
||
| 080 |
_a316.3/.6 _2MRF |
||
| 080 |
_a(047.53) _2MRF |
||
| 080 |
_a(081) _2MRF |
||
| 100 | 1 |
_aKučera, Štěpán, _d1985- _4aut |
|
| 245 | 1 | 0 |
_aJen další konec světa : _b33 rozhovorů o antropocénu, "věku člověka", vedl Štěpán Kučera |
| 250 | _aVydání první | ||
| 264 | 1 |
_aBrno : _bDruhé město, _c2024 |
|
| 300 |
_a249 stran : _bilustrace, portréty ; _c23 cm |
||
| 336 |
_atext _btxt _2rdacontent |
||
| 337 |
_abez média _bn _2rdamedia |
||
| 338 |
_asvazek _bnc _2rdacarrier |
||
| 520 | 2 | _aJaké je místo člověka ve světě živé i neživé přírody? Otázky nad souvislostmi antropocénu pokládá spisovatel a novinář Štěpán Kučera v rozhovorech, jež původně vycházely v Salonu Práva, s výraznými osobnostmi své vědecké profese. | |
| 648 | 7 |
_a20.-21. století _2czenas |
|
| 650 | 0 | 7 |
_avědci _y20.-21. století _2czenas |
| 650 | 0 | 7 |
_amyslitelé _y20.-21. století _2czenas |
| 650 | 0 | 7 |
_aantropocén _2czenas |
| 650 | 0 | 7 |
_ačlověk a životní prostředí _2czenas |
| 650 | 0 | 7 |
_ačlověk a společnost _2czenas |
| 650 | 0 | 9 |
_ascientists _y20th-21st centuries _2eczenas |
| 650 | 0 | 9 |
_athinkers _y20th-21st centuries _2eczenas |
| 650 | 0 | 9 |
_aanthropocene _2eczenas |
| 650 | 0 | 9 |
_aman and environment _2eczenas |
| 650 | 0 | 9 |
_aman and society _2eczenas |
| 655 | 7 |
_arozhovory _2czenas |
|
| 655 | 7 |
_asborníky _2czenas |
|
| 655 | 9 |
_ainterviews _2eczenas |
|
| 655 | 9 |
_apapers _2eczenas |
|
| 900 | _b19 | ||
| 910 | _aABA001 | ||
| 910 | _aABA007 | ||
| 910 | _aABA010 | ||
| 910 | _aABB060 | ||
| 910 | _aABD001 | ||
| 910 | _aABG001 | ||
| 910 | _aBEG001 | ||
| 910 | _aBOA001 | ||
| 910 | _aBOD001 | ||
| 910 | _aBOG001 | ||
| 910 | _aBRG503 | ||
| 910 | _aCBA001 | ||
| 910 | _aCRG001 | ||
| 910 | _aHBG001 | ||
| 910 | _aHKA001 | ||
| 910 | _aJNG001 | ||
| 910 | _aKAG503 | ||
| 910 | _aKLG001 | ||
| 910 | _aKLG002 | ||
| 910 | _aKVG001 | ||
| 910 | _aLIA001 | ||
| 910 | _aMOG001 | ||
| 910 | _aOLA001 | ||
| 910 | _aOLD012 | ||
| 910 | _aOPG001 | ||
| 910 | _aPAD001 | ||
| 910 | _aPAG001 | ||
| 910 | _aPBG001 | ||
| 910 | _aPNA001 | ||
| 910 | _aULD001 | ||
| 910 | _aULG001 | ||
| 910 | _aZLG001 | ||
| 910 | _aZRG001 | ||
| 942 |
_2ddc _cKNIHA _n0 |
||
| 999 |
_c1876 _d1876 |
||